Salammbô (Record no. 170153)

MARC details
000 -LEADER
campo de control de longitud fija 00757nam a22002055i 4500
001 - NÚMERO DE CONTROL
campo de control 170153
003 - IDENTIFICADOR DE NÚMERO DE CONTROL
campo de control ES-MaACL
005 - FECHA Y HORA DE LA ÚLTIMA TRANSACCIÓN
campo de control 20240128062949.0
008 - DATOS DE LONGITUD FIJA--INFORMACIÓN GENERAL
campo de control de longitud fija 090206s1891 fr |||| | fre d
080 ## - NÚMERO DE LA CLASIFICACIÓN DECIMAL UNIVERSAL
Número de la Clasificación Decimal Universal 782.1
100 1# - ENTRADA PRINCIPAL--NOMBRE DE PERSONA
Nombre de persona Flaubert, Gustave,
Fechas asociadas al nombre 1821-1880
9 (RLIN) 51134
245 10 - MENCIÓN DEL TÍTULO
Título Salammbô
Resto del título : opéra en cinq actes, sept tableaux /
Mención de responsabilidad, etc. d'après le roman de Gustave Flaubert ; paroles de Camille du Locle ; musique de Ernest Reyer.
260 ## - PUBLICACIÓN, DISTRIBUCIÓN, ETC.
Lugar de publicación, distribución, etc. Paris :
Nombre del editor, distribuidor, etc. Calmann Lévy,
Fecha de publicación, distribución, etc. 1891.
300 ## - DESCRIPCIÓN FÍSICA
Extensión 68 p. ;
Dimensiones 18 cm.
650 14 - PUNTO DE ACCESO ADICIONAL DE MATERIA--TÉRMINO DE MATERIA
Término de materia o nombre geográfico como elemento de entrada Óperas-
Subdivisión de forma Libretos.
9 (RLIN) 137584
700 1# - ENTRADA AGREGADA--NOMBRE PERSONAL
Nombre de persona Locle, Camille du.
9 (RLIN) 137929
700 1# - ENTRADA AGREGADA--NOMBRE PERSONAL
Nombre de persona Reyer, Ernest.
9 (RLIN) 137928
852 ## - LOCALIZACIÓN
Ubicación ES-MaACL
Número de control de estantería 2246-F-15
itemnumber R.140929
Nota libre .- Biblioteca Jacinto Martínez Lacalle
Holdings
Estatus retirado Estado de pérdida Estado de daño No para préstamo Colección Biblioteca de origen Biblioteca actual Ubicación en estantería Fecha de adquisición Fuente de adquisición Total de préstamos Signatura topográfica completa Código de barras Visto por última vez Precio de reemplazo Tipo de ítem Koha
        Colección de folletos Biblioteca del Ateneo de Madrid Biblioteca del Ateneo de Madrid Depósito folletos 06/02/2009     2246-F-15 1178638 23/02/2023 23/02/2023 Folleto